Cẩm nang giám đốc

Gardado en:
Detalles Bibliográficos
Autor Principal: Đỗ Hoài Nam-Nghiêm Thị Ngọc Lâm
Formato: Libro
Idioma:Vietnamese
Publicado: Sunshine 1998
Các nhãn: Engadir etiqueta
Sen Etiquetas, Sexa o primeiro en etiquetar este rexistro!
Thư viện lưu trữ: Mạng thư viện Đại học Đà Nẵng
LEADER 00636nam a2200277 4500
001 000025567
003 1135
005 20150325120000.0
008 150325s vm 000 vie
020 |c 54000,0000 
040 |a notts 
100 |a Đỗ Hoài Nam-Nghiêm Thị Ngọc Lâm 
245 |a Cẩm nang giám đốc 
260 |b Sunshine  |c 1998 
300 |a 685tr. ; 
OWN |a LTT 
999 |a From the UDN01 
TYP |a Monograph 
TYP |a Printed language 
980 |a Mạng thư viện Đại học Đà Nẵng